| Record ID | marc_records_scriblio_net/part11.dat:52847776:789 |
| Source | Scriblio |
| Download Link | /show-records/marc_records_scriblio_net/part11.dat:52847776:789?format=raw |
LEADER: 00789nam 2200241 p 4500
001 78382728
003 DLC
005 19790126000000.0
008 790123s1977 sz b 00010 ger
010 $a 78382728
015 $aSw77-9981
020 $a3264901003 :$c14.50F
050 0 $aBD581$b.H43
100 10 $aHeitler, Walter,$d1904-
245 10 $aGottesbeweise? und weitere Vorträge /$cWalter Heitler.
250 $a1. Aufl.
260 0 $aZug :$bKlett & Balmer,$c1977.
300 $a83, [2] p. ;$c22 cm.
504 $aBibliography of the author's works: p. 85.
650 0 $aPhilosophy of nature$xAddresses, essays, lectures.
650 0 $aScience$xPhilosophy$xAddresses, essays, lectures.
650 0 $aLife$xAddresses, essays, lectures.
650 0 $aGod$xProof$xAddresses, essays, lectures.